000 00540nam a22002177a 4500
003 UA-OsUOA
001 38544
007 ta
008 20080118b un ||||| |||| 00| 0 ukr d
100 _aZdan M.
090 _a94(4770.02.6
942 _cBR
040 _aUA-OsUOA
_beng
_cUA-OsUOA
_dUA-OsUOA
245 _aThe Dependence of Halych-Volyn Rus on the Golden Horde
955 _a4
041 _aeng
080 _a94(4770.02.6
260 _c1957
650 7 _a9 Географія. Біографії. Історія
_2UDC
999 _c437057
_d437057